| 000 | 00959nam a2200277 a 4500 | ||
|---|---|---|---|
| 001 | 000006462 | ||
| 003 | DO-SdBPM | ||
| 005 | 20250401121121.0 | ||
| 008 | 090831s2011 dr a r 000 0 spa d | ||
| 020 | _a9993486345 | ||
| 040 |
_aDO-SdBPM _bspa _cBPMSU |
||
| 082 | 4 |
_a640.41 _bC728L, 2011 _222 |
|
| 100 | 1 | _aComarazamy, Luisa | |
| 245 | 1 | 3 |
_aEl libro de las soluciones / _cLuisa Comarazamy, Elizabeth Comarazamy. |
| 246 | 1 | 4 |
_aEl libro de las soluciones : _bMiles de soluciones para resolver casos más difíciles; para usted, los suyos y su hogar. |
| 250 | _a3ª ed. | ||
| 260 |
_aSanto Domingo : _bEditora Búho, _c2011 |
||
| 300 |
_a180 p. ; _c23 cm. _b |
||
| 500 | _aIncluye datos biográficos de las autoras en la solapa de la cubierta. | ||
| 590 | _aInventariado, 2025/VM | ||
| 650 | 4 | _aEconomía doméstica | |
| 650 | 4 | _aRecetarios | |
| 700 | 1 | 2 | _aComarazamy, Elizabeth |
| 910 | _aVMateo V. Control de calidad. BPMSU | ||
| 942 |
_2ddc _cBK |
||
| 999 |
_c15021 _d15021 |
||